Dictionnaire des doublets ou Doubles formes de la langue française / (Record no. 152586)

MARC details
000 -LEADER
campo de control de longitud fija 01041nam a22002295i 4500
001 - NÚMERO DE CONTROL
campo de control 152586
003 - IDENTIFICADOR DE NÚMERO DE CONTROL
campo de control ES-MaACL
005 - FECHA Y HORA DE LA ÚLTIMA TRANSACCIÓN
campo de control 20230906204815.0
008 - DATOS DE LONGITUD FIJA--INFORMACIÓN GENERAL
campo de control de longitud fija 990615s1868 fr |||| | fre d
040 ## - FUENTE DE CATALOGACIÓN
Centro catalogador/agencia de origen CCPB | B
Lengua de catalogación spa
Centro/agencia transcriptor CCPB | B
100 1# - ENTRADA PRINCIPAL--NOMBRE DE PERSONA
Nombre de persona Brachet, Auguste.
9 (RLIN) 31235
245 10 - MENCIÓN DEL TÍTULO
Título Dictionnaire des doublets ou Doubles formes de la langue française /
Mención de responsabilidad, etc. par Auguste Brachet.
260 ## - PUBLICACIÓN, DISTRIBUCIÓN, ETC.
Lugar de publicación, distribución, etc. Paris :
Nombre del editor, distribuidor, etc. Librairie A. Franck,
Fecha de publicación, distribución, etc. 1868.
300 ## - DESCRIPCIÓN FÍSICA
Extensión 2 v (63 ;22 p.) ;
Dimensiones 22 cm.
490 1# - MENCIÓN DE SERIE
Mención de serie Collection philologique. Recueil de travaux originaux ou traduits relatifs a la philologie & a l'histoire littéraire
596 #1 - NOTA AL PIE DE IMPRENTA
NOTA AL PIE DE IMPRENTA Pie de imprenta en el 2º v.: Paris : Librairie A. Franck, F. Vieweg propriétaire.
650 #4 - PUNTO DE ACCESO ADICIONAL DE MATERIA--TÉRMINO DE MATERIA
Término de materia o nombre geográfico como elemento de entrada Lengua francesa.
9 (RLIN) 140408
740 0# - ENTRADA AGREGADA--TÍTULO RELACIONADO/ANALÍTICO NO CONTROLADO
Título relacionado o analítico no controlado Doubles formes de la langue française.
830 0# - PUNTO DE ACCESO ADICIONAL DE SERIE-TÍTULO UNIFORME
Título uniforme Collection philologique. Recueil de travaux originaux ou traduits relatifs a la philologie & a l'histoire littéraire
9 (RLIN) 221343
852 ## - LOCALIZACIÓN
Ubicación ES-MaACL
Número de control de estantería C-6760
Nota libre -- Enc. hol.
-- -- Enc. 2 t. en 1 v.
Holdings
Estatus retirado Estado de pérdida Estado de daño No para préstamo Colección Biblioteca de origen Biblioteca actual Ubicación en estantería Fecha de adquisición Fuente de adquisición Total de préstamos Signatura topográfica completa Código de barras Visto por última vez Precio de reemplazo Tipo de ítem Koha
        Libros del s. XIX Biblioteca del Ateneo de Madrid Biblioteca del Ateneo de Madrid Sala Palomar 17/01/2008     C-6760 1159341 23/02/2023 23/02/2023 Libro impreso antiguo